Normal view
MARC view
Entry Nombre personal
001 - NÚMERO DE CONTROL
- campo de control: 30183
003 - IDENTIFICADOR DEL NÚMERO DE CONTROL
- campo de control: FranzMayer
005 - FECHA Y HORA DE LA ÚLTIMA TRANSACCIÓN
- campo de control: 20260401120208.0
008 - DATOS DE LONGITUD FIJA
- campo de control de longitud fija: 260401|| aca||aabn | a|a d
040 ## - FUENTE DE LA CATALOGACIÓN
- Centro catalogador/agencia de origen: FranzMayer
- Centro/agencia transcriptor: FranzMayer
100 ## - ENCABEZAMIENTO-NOMBRE DE PERSONA
- Nombre de persona: Verdussen I, Hieronymus
- Fechas asociadas al nombre: (1552-1635)
670 ## - FUENTE DE DATOS ENCONTRADOS
- Cita de la fuente: Work cat.: (FranzMayer)11112: Veen, Otto van (c. 1556-1629) autor, editor y diseño iconográfico 30176, Amorum Emblemata, Figuris Aeneis Incisa Studio Othonis Vaeni Batavo-Lugdunensis /, 1608